000 nam a22 a 4500
999 _c11513
_d11513
003 BLK
005 20220812091737.0
008 180412b bul|||||r ||||||| ||bul||
010 _aKNG00013059000
040 _aBLK
041 _aBUL
_cBUL
080 _aМеханика на газовете. Аеродинамика. Физика на плазмата
_b533
_x(075.8)
_z533(075.8)
100 1 _aАбрамович, Хенрик Наумович
_eпърви автор
_9256577
139 _aАбрамович, Хенрик Наумович
_bА 13
245 1 0 _aПриложна газодинамика
_bУчебник за студентите от ВТУЗ
_cХенрик Наумович Абрамович; прев. от рус. Венцислав Хр. Маджарски.
257 _aRUS
260 _bТехника
_c1973
_aСофия
300 _a844 с.
_bс черт., табл.
_c22 см
380 _a5
500 _aОриг. загл. Прикладная газовая динамика. - Прев. от 3. рус. прераб. и доп. изд.
650 4 _aГазодинамика, приложна
_9151675
653 _aгазодинамика
700 1 _aМаджарски, Венцислав Хр.
_eпрев. от рус.
_9256578
852 _aЦб 69636
_bЦб
856 4 _qpdf
_u
856 4 _qpdf
_u
942 _cKNG
_n0
_s1
944 _aED
_c18.06.2010
999 _d11513